000 01837cam a22004694i 4500
003 PE-LiUPU
005 20250731165409.0
008 151020s1996 pe grm 000 0 spa d
035 _a(Sirsi) a154972
040 _aPE-LiUPU
_bspa
_cPE-LiUPU
_erda
099 _aTEF 2
_bD49 1996
100 1 _aDel Aguila Ayachi, Rosario
_eautor
245 1 4 _aLas costumbres-hábitos alimentarios que influyen en el estado nutricional de los niños menores de dos años que se atienden en el Hospital local de Vitarte. Agosto, 1996 /
_cRosario Del Aguilar Ayachi.
264 0 _c1996.
300 _a116 hojas
_c30 cm
336 _atext
_2rdacontent
337 _aunmediated
_2rdamedia
338 _avolume
_2rdacarrier
502 _aTesis
_b(Lic.) --
_cUniversidad Peruana Unión,
_d1996.
504 _aIncluye referencias
520 3 _aEl presente estudio de investigación es de tipo descriptivo transversal y fue realizado en el Hospital Local de Vitarte, con la finalidad de investigar la relación e influencia existente entre las costumbres-hábitos alimentarios y el estado nutricional en niños menores de 2 años que se atendieron en dicha institución durante el mes de agosto de 1996.
526 _aSEG44
526 _aSEG26
526 _aP151
526 _aP150
526 _aP149
526 _aP146
526 _aP145
526 _aP126
526 _aP125
526 _aP92
526 _aP75
526 _aP74
526 _aP27
526 _aP15
650 0 4 _aNutrición infantil
_xHabitos alimenticios.
650 0 4 _aConducta de vida
_xNutrición infantil.
700 1 _aHuanca Mamani, Nery
_eautor
596 _a1
942 _2ddc
_cTESIS
999 _aTEF 2 D49 1996
_wALPHANUM
_c7666
_iT00307
_lCCODEBUL3
_mBUL
_r1
_sY
_tTESIS
_u2015-10-20
_xSALUD
_PP22
_o.STAFF. Tesis
_d7666
980 _81
_gALBERTO SANCHEZ Responsable de Automatización